书目信息 |
| 题名: |
21世纪大学英语导学经典 一
|
|
| 作者: | 胡友珍 主编 | |
| 分册: | ||
| 出版信息: | 北京 新华出版社 2000.08 |
|
| 页数: | 247页 | |
| 开本: | 19cm | |
| 丛书名: | ||
| 单 册: | ||
| 中图分类: | H31 | |
| 科图分类: | ||
| 主题词: | 英语 | |
| 电子资源: | ||
| ISBN: | 7-5011-4936-4 | |
| 000 | 00618nam0 2200205 450 | |
| 001 | 0755786000 | |
| 005 | 20071215153043.09 | |
| 010 | @a7-5011-4936-4@dCNY15.00 | |
| 100 | @a20071215d2000 km y0chiy0120 ea | |
| 101 | 0 | @achi |
| 102 | @aCN@b110000 | |
| 200 | 1 | @a21世纪大学英语导学经典 一@A21 shi ji da xue ying yu dao xue jing dian yi@f胡友珍主编@Fhu you zhen zhu bian |
| 210 | @a北京@c新华出版社@d2000.08 | |
| 215 | @a247页@d19cm | |
| 606 | 0 | @a英语 |
| 690 | @aH31@v4 | |
| 701 | 0 | @a胡友珍@Ahu you zhen@4主编 |
| 801 | 0 | @aCN@b大连网信软件有限公司图书馆@c20071215 |
| 905 | @aBZT@dH31@e103-1 | |
| 906 | @dCNY15.00@n0@r1 | |
| 21世纪大学英语导学经典 一/胡友珍主编.-北京:新华出版社,2000.08 |
| 247页;19cm |
| ISBN 7-5011-4936-4:CNY15.00 |
| ● |
| 相关链接 |
|
|
|
正题名:21世纪大学英语导学经典 一
索取号:H31/103-1
 
预约/预借
| 序号 | 登录号 | 条形码 | 馆藏地/架位号 | 状态 | 备注 |
| 1 | 631910 | 2000631910 | 中心书库中库/ 中库038架A面1列1层24/ [索取号:H31/103-1] | 在馆 | |
| 2 | 631911 | 2000631911 | 中心书库中库/ 中库038架A面1列1层31/ [索取号:H31/103-1] | 在馆 | |
| 3 | 631912 | 2000631912 | 中心书库中库/ 中库038架A面1列1层25/ [索取号:H31/103-1] | 在馆 | |
| 4 | 631913 | 2000631913 | 中心书库中库/ 中库038架A面1列1层33/ [索取号:H31/103-1] | 在馆 | |
| 5 | 631914 | 2000631914 | 中心书库中库/ 中库038架A面1列1层28/ [索取号:H31/103-1] | 在馆 | |
| 6 | 631915 | 2000631915 | 中心书库中库/ 中库038架A面1列1层29/ [索取号:H31/103-1] | 在馆 | |
| 7 | 631916 | 2000631916 | 中心书库中库/ 中库038架A面1列1层32/ [索取号:H31/103-1] | 在馆 | |
| 8 | 631917 | 2000631917 | 中心书库中库/ 中库038架A面1列1层30/ [索取号:H31/103-1] | 在馆 | |
| 9 | 631918 | 2000631918 | 中心书库中库/ 中库038架A面1列1层27/ [索取号:H31/103-1] | 在馆 | |
| 10 | 631919 | 2000631919 | 中心书库中库/ 中库038架A面1列1层26/ [索取号:H31/103-1] | 在馆 |